| 000 | 00389nab a2200145Ia 4500 | ||
|---|---|---|---|
| 003 | ES-SlBCS | ||
| 005 | 20210601131727.0 | ||
| 008 | 140529s1953 xxu||||| |||| 00| 0 fre d | ||
| 041 | _afre | ||
| 100 | 1 |
_aGouhier, Henri _911023 |
|
| 245 | 0 | 0 |
_aLe théâtre _c Henri Gouhier |
| 650 | 0 | 4 |
_aTeatro _992860 |
| 773 | 0 |
_tVie Intelectuelle (La) _gnº. 2, 1953, págs. 128-131 _wRev907 |
|
| 942 | _cAR | ||
| 999 |
_c567735 _d567735 |
||